000 00753nam a2200229Ii 4500
003 JO-AjNU
008 230605s9999||||xx |||||||||||||| ||und||
017 _a2002-4-1554
020 _a978-9957-07-470-9
040 _aJO-AjNU
_bara
_erda
_cJO-AjNU
041 _aara
050 1 4 _aRJ499.Y34 2012
100 3 _aيحيى ، خولة احمد,
_eauthor
_925972
245 0 0 _aالاضطرابات السلوكية والانفعالية
250 _aط6
264 3 1 _aعمان:دار الفكر للنشر ، 2010
300 _a216ص
336 _atext
_btxt
_2rdacontent
337 _aunmediated
_bn
_2rdamedia
338 _avolume
_bnc
_2rdacarrier
650 4 _aالتربية الخاصة - اضطرابات السلوكية -السلوك
_925973
999 _aA9783
_c13351
_d13351